|
|
|
|
| LEADER |
00000nam a22000005a 4500 |
| 001 |
13008 |
| 003 |
CL-ChBUA |
| 005 |
20120815103443.0 |
| 008 |
070301s1997 ||| 000 0 spa |
| 020 |
|
|
|a 8478841814
|
| 040 |
|
|
|a CL-ChBUA
|c CL-ChBUA
|
| 082 |
0 |
0 |
|a 370.192
|
| 090 |
|
|
|c 13008
|d 13008
|
| 100 |
1 |
|
|a Basil Bernstein...[et al].
|
| 245 |
1 |
0 |
|a Ensayos de pedagogía crítica
|
| 260 |
|
|
|b Popular.
|c c1997.
|
| 300 |
|
|
|a 167 p.
|c 24 cm.
|
| 504 |
|
|
|a Indice.
|
| 650 |
|
4 |
|a EDUCACION SOCIOLOGIA.
|
| 942 |
|
|
|c LIB
|
| 952 |
|
|
|0 0
|1 0
|4 0
|7 0
|9 18431
|a UNACH
|b UNACH
|c 300
|d 2007-03-05
|i 33.568.
|l 7
|m 2
|o 370.192 / En 61.
|p 19430
|r 2015-07-08 00:00:00
|s 2015-05-18
|u 18431
|w 2012-08-08
|y LIB
|k 370.192 / En 61.
|
| 999 |
|
|
|c 13008
|d 13008
|